| 000 | 00623nam a2200265Ia 4500 | ||
|---|---|---|---|
| 005 | 20260306163618.0 | ||
| 008 | 008 260114s9999 xx 000 0 eng d | ||
| 020 | _a9781479822966 | ||
| 037 | _aEBOOK | ||
| 040 | _aCRL | ||
| 040 | _beng | ||
| 040 | _cCRL | ||
| 041 | _2eng | ||
| 041 | _aeng | ||
| 084 | _qCRL | ||
| 100 | _aScott | ||
| 245 | 0 | _aFake Geek Girls: Fandom, Gender, And The Convergence Culture Industry | |
| 260 | _bNYU Press | ||
| 260 | _c2020 | ||
| 650 | _aSocial Work | ||
| 856 | _uhttps://academic.oup.com/book/31055 | ||
| 942 | _cEBOOK | ||
| 999 |
_c1710797 _d1710797 |
||